000 00422nam a22001817a 4500
003 CEME
005 20210628210258.0
008 210216b xxu||||| |||| 00| 0 eng d
020 _a969-0-01112-X
040 _c.
082 _a891.4393 MUM
100 _aMumtaz Mufti
_9370
245 _aGuria ghar
260 _aLAHORE
_bFEROZE SONS
_c1993
300 _a229P
650 _aURDU ADAB-AFSANEY
_966430
942 _cBK
_2ddc
999 _c583895
_d583895